| 000 | 00000nam##2200000za#4500 |
| 001 | 9.695477 |
| 003 | CaOODSP |
| 005 | 20210624234608 |
| 007 | cr ||||||||||| |
| 008 | 150407|1999||||xxc|||||o f|0| 0 eng|d |
| 040 | |aCaOODSP|beng |
| 043 | |an-cn--- |
| 086 | 1 |aF1-23/1999-12E-PDF |
| 110 | 1 |aCanada. |bDepartment of Finance. |
| 245 | 10|aStrengthening health care for Canadians |h[electronic resource] |
| 246 | 1 |iAt head of title : |aBudget 1999 - building today for a better tomorrow |
| 260 | |aOttawa - Ontario : |bFinance Canada |cFebruary 1999. |
| 300 | |a8p. |
| 590 | |a12-11-Supp|b2012-03-27 |
| 690 | 07|aBudgets|2gcpds |
| 690 | 07|aHealth policy|2gcpds |
| 775 | 08|tAmélioration des soins de santé pour les Canadiens |w(CaOODSP)9.639615 |
| 856 | 40|ahttp://publications.gc.ca|qPDF|s77 KB|uhttps://publications.gc.ca/collections/Collection/F1-23-1999-12E.pdf |